Statistiken für Schweizer Gemeinden: Denens-Kriegstetten

Klicken Sie hier um das Quiz zu spielen!

Allgemein

  • Dieses Quiz wurde 36 mal gespielt
    (22 seit der letzten Aktualisierung)
  • Das Durchschnittsergebnis liegt bei 153 aus 499

Antwortstatistiken

GemeindeKanton% Korrekt
KriegstettenSO
92%
DenensVD
83%
DiepoldsauSG
83%
DietikonZH
83%
Diessbach bei BürenBE
75%
DietlikonZH
75%
DinhardZH
75%
DüdingenFR
75%
FlaachZH
75%
FrauenfeldTG
75%
Fribourg/FreiburgFR
75%
DorfZH
67%
DübendorfZH
67%
FlimsGR
67%
GontenAI
67%
InsBe
67%
DerendingenSO
58%
DielsdorfZH
58%
DierikonLU
58%
DiessenhofenTG
58%
Disentis/MustérGR
58%
DottikonAG
58%
DullikenSO
58%
EbikonLU
58%
EglisauZH
58%
EngelbergOW
58%
FlawilSG
58%
FlüelenUR
58%
FlumsSG
58%
GomsVS
58%
GöschenenUR
58%
GurtnellenUR
58%
HaslibergBE
58%
Haut-IntyamonFR
58%
HerisauAR
58%
Illnau-EffretikonZH
58%
JegenstorfBE
58%
KilchbergBL | ZH
58%
KirchbergBE | SG
58%
DengesVD
50%
DensbürenAG
50%
DiepflingenBL
50%
DornachSO
50%
DürntenZH
50%
Ebnat-KappelSG
50%
EcublensFR | VD
50%
EffingenAG
50%
EggZH
50%
EichLU
50%
EinsiedelnSZ
50%
ElggZH
50%
EmmenLU
50%
EmmettenNW
50%
EnnetbürgenNW
50%
EnnetmoosNW
50%
ErlenTG
50%
ErstfeldUR
50%
Escholzmatt-MarbachLU
50%
FällandenZH
50%
FräschelsFR
50%
FrenkendorfBL
50%
FrickAG
50%
FrutigenBE
50%
GelterkindenBL
50%
Genf/GenèveGE
50%
GeroldswilZH
50%
GiffersFR
50%
GiswilOW
50%
GlandVD
50%
GlarusGL
50%
Glarus NordGL
50%
Glarus SüdGL
50%
GossauSG | ZH
50%
GreifenseeZH
50%
HenggartZH
50%
HergiswilNW
50%
Hergiswil bei WillisauLU
50%
HombrechtikonZH
50%
HünenbergZG
50%
IngenbohlSZ
50%
InterlakenBE
50%
KaiseraugstAG
50%
KanderstegBE
50%
Kappel am AlbisZH
50%
KernsOW
50%
KerzersFR
50%
KonolfingenBE
50%
DietwilAG
42%
Domat/EmsGR
42%
DuggingenBL
42%
EchallensVD
42%
EmbrachZH
42%
EntlebuchLU
42%
ErlachBe
42%
ErlenbachZH
42%
Erlenbach im SimmentalBE
42%
ErlinsbachAG | SO
42%
ErnenVS
42%
EschenbachLU | SG
42%
EttingenBL
42%
EttiswilLU
42%
FehraltdorfZH
42%
FischingenZH
42%
FreienbachSZ
42%
Freienstein-TeufenZH
42%
Full-ReuenthalAG
42%
GalgenenSZ
42%
GalmizFR
42%
Gampel-BratschVS
42%
GansingenAG
42%
GerlafingenSO
42%
GiebenachBL
42%
GoldachSG
42%
Granges-PaccotFR
42%
Granges (Veveyse)FR
42%
GrindelSO
42%
GrolleyFR
42%
GrosswangenLU
42%
GurmelsFR
42%
GuttannenBE
42%
HabsburgAG
42%
HasleLU
42%
Hasle bei BurgdorfBE
42%
Haute-AjoieJU
42%
Haute-SorneJU
42%
HefenhofenTG
42%
HinwilZH
42%
HitzkirchLU
42%
Hofstetten-FlühSO
42%
HorgenZH
42%
HöriZH
42%
HornTG
42%
HorwLU
42%
HospentalUR
42%
IllgauSZ
42%
InnertkirchenBE
42%
ItingenBL
42%
IttigenBE
42%
KaiserstuhlAG
42%
KänerkindenBL
42%
KleinandelfingenZH
42%
KlingnauAG
42%
Klosters-SerneusGR
42%
KlotenZH
42%
DiegtenBL
33%
DiemtigenBE
33%
DintikonAG
33%
DittingenBL
33%
DoppleschwandLU
33%
DörflingenSH
33%
DöttingenAG
33%
DuillierVD
33%
DürrenäschAG
33%
EchichensVD
33%
EgerkingenSO
33%
EggersrietSG
33%
EgliswilAG
33%
EgnachTG
33%
EikenAG
33%
ElsauZH
33%
EpendesFR | VD
33%
EptingenBL
33%
ErmatingenTG
33%
ErsigenBE
33%
FaidoTI
33%
FehrenSO
33%
FeuerthalenZH
33%
FeusisbergSZ
33%
FieschVS
33%
FischbachLU
33%
Fischbach-GösllikonAG
33%
FischenthalZH
33%
FisibachAG
33%
FlurlingenZH
33%
FrauenkappelenBE
33%
FreienwilAG
33%
FüllinsdorfBL
33%
GaisAR
33%
GaiserwaldSG
33%
GambarognoTI
33%
GebenstorfAG
33%
GenolierVD
33%
GersauSZ
33%
GisikonLU
33%
GivisiezFR
33%
GontenschwilAG
33%
GrabenBE
33%
GrächenVS
33%
GränichenAG
33%
GrellingenBL
33%
GrenchenSO
33%
GrengFR
33%
GreppenLU
33%
GrindelwaldBE
33%
GrossaffolternBE
33%
HäfelfingenBL
33%
HägglingenAG
33%
HallauSH
33%
HallwilAG
33%
HersbergBL
33%
HildisriedenLU
33%
HochdorfLU
33%
HombergBE
33%
HüntwangenZH
33%
HunzenschwilAG
33%
HuttwilBE
33%
InnerthalSZ
33%
InwilLU
33%
JaunFR
33%
JenazGR
33%
JonschwilSG
33%
KaistenAG
33%
KallnachBE
33%
KaltbrunnSG
33%
KandergrundBE
33%
KappelSO
33%
KaufdorfBE
33%
KesswilTG
33%
KleinbösingenFR
33%
KnonauZH
33%
KnutwilLU
33%
KoblenzAG
33%
KönizBE
33%
DevelierJU
25%
DiemerswilBE
25%
DompierreVD
25%
DorénazVS
25%
Drei HöfeSO
25%
DürrenrothBE
25%
EclépensVD
25%
EggerbergVS
25%
EggiwilBE
25%
EgolzwilLU
25%
ElfingenAG
25%
Ellikon an der ThurZH
25%
EndingenAG
25%
EngesNE
25%
EnnetbadenAG
25%
EriswilBE
25%
ErizBE
25%
ErschwilSO
25%
EschenzTG
25%
Essertines-sur-RolleVD
25%
Essertines-sur-YverdonVD
25%
EstavayerFR
25%
FaougVD
25%
FelsbergGR
25%
FétignyFR
25%
FeyVD
25%
FiderisGR
25%
FieschertalVS
25%
FislisbachAG
25%
FläschGR
25%
FlerdenGR
25%
FlühliLU
25%
FlumenthalSO
25%
FraubrunnenBE
25%
FulenbachSO
25%
FullyVS
25%
GachnangTG
25%
GalsBE
25%
GampelenBE
25%
GamsSG
25%
GeltwilAG
25%
GempenSO
25%
GempenachFR
25%
GenthodGE
25%
GeuenseeLU
25%
GiblouxFR
25%
GimelVD
25%
GiornicoTI
25%
Gipf-OberfrickAG
25%
GlattfeldenZH
25%
GommiswaldSG
25%
GottliebenTG
25%
GrabsSG
25%
GrandsonVD
25%
GrengiolsVS
25%
GretzenbachSO
25%
GrôneVS
25%
GrossdietwilLU
25%
GrosshöchstettenBE
25%
GrüningenZH
25%
GuggisbergBE
25%
GurbrüBE
25%
HabkernBE
25%
HägendorfSO
25%
HäggenschwilSG
25%
HärkingenSO
25%
Hauptwil-GottshausTG
25%
HausenAG
25%
Hausen am AlbisZH
25%
HauteriveFR | NE
25%
HäutligenBE
25%
HedingenZH
25%
HeidenAR
25%
HeimbergBE
25%
HeitenriedFR
25%
HembergSG
25%
HemishofenSH
25%
HemmikenBL
25%
HendschikenAG
25%
HérémenceVS
25%
HerrlibergZH
25%
HerznachAG
25%
HerzogenbuchseeBE
25%
HettlingenZH
25%
HittnauZH
25%
HochfeldenZH
25%
HochwaldSO
25%
HolderbankAG | SO
25%
HolzikenAG
25%
HomburgTG
25%
HonauLU
25%
HornussenAG
25%
HumlikonZH
25%
HüttikonZH
25%
HüttlingenTG
25%
HüttwilenTG
25%
IcogneVS
25%
Ilanz/GlionGR
25%
IndenVS
25%
InkwilBE
25%
IpsachBE
25%
IsenthalUR
25%
IsoneTI
25%
JabergBE
25%
JeninsGR
25%
JonenAG
25%
JussyGE
25%
KallernAG
25%
KammersrohrSO
25%
KappelenBE
25%
KehrsatzBE
25%
KestenholzSO
25%
KillwangenAG
25%
KleinlützelSO
25%
KöllikenAG
25%
KoppigenBE
25%
KrattigenBE
25%
KrauchthalBE
25%
DizyVD
17%
DomleschgGR
17%
DonatGR
17%
DonneloyeVD
17%
DotzigenBE
17%
DozwilTG
17%
DullyVD
17%
EchandensVD
17%
EcharlensFR
17%
EderswilerJU
17%
EggenwilAG
17%
EhrendingenAG
17%
EichbergSG
17%
EischollVS
17%
EistenVS
17%
EmbdVS
17%
Eppenberg-WöschnauSO
17%
EpsachBE
17%
ErmenseeLU
17%
EschlikonTG
17%
EssertesVD
17%
EtagnièresVD
17%
EtoyVD
17%
EtzikenSO
17%
EvionnazVS
17%
EvolèneVS
17%
EysinsVD
17%
FahrniBE
17%
FahrwangenAG
17%
FahyJU
17%
FaleraGR
17%
FarnernBE
17%
FéchyVD
17%
Felben-WellhausenTG
17%
FerdenVS
17%
FerpiclozFR
17%
FerreraGR
17%
FerreyresVd
17%
FiezVD
17%
FinsterhennenBE
17%
Fontaines-sur-GrandsonVD
17%
FontenaisJU
17%
Forel (Lavaux)VD
17%
FounexVD
17%
FurnaGR
17%
FürstenauGR
17%
GächlingenSH
17%
GiezVD
17%
GillyVD
17%
GinginsVD
17%
GivrinsVD
17%
GordolaTI
17%
GoumoënsVD
17%
GrancyVD
17%
GrandcourVD
17%
GrandeventVD
17%
GrandfontaineJU
17%
GrandvillardFR
17%
GrangettesFR
17%
GrensVD
17%
GronoGR
17%
GrubAR
17%
GrüschGR
17%
GunzgenSO
17%
GurzelenBE
17%
GüttingenTG
17%
GyGE
17%
HagneckBE
17%
HaltenSO
17%
HautevilleFR
17%
HeiligenschwendiBE
17%
HellikonAG
17%
HerbligenBE
17%
HerdernTG
17%
HermanceGE
17%
HermenchesVD
17%
HermrigenBE
17%
HilterfingenBE
17%
HimmelriedSO
17%
HöchstettenBE
17%
Hofstetten bei BrienzBE
17%
HohenrainLU
17%
HölsteinBL
17%
HorriwilSO
17%
HubersdorfSO
17%
HundwilAR
17%
HünikenSO
17%
IffwilBE
17%
IseltwaldBE
17%
IsérablesVS
17%
JensBE
17%
JongnyVD
17%
Jorat-MenthueVD
17%
Jorat-MézièresVD
17%
JuriensVD
17%
KemmentalTG
17%
KiesenBE
17%
KippelVS
17%
KirchdorfBE
17%
KirchleerauAG
17%
KirchlindachBE
17%
Kradolf-SchönenbergTG
17%
KreuzlingenTG
17%
EpalingesVD
8%
ErgischVS
8%
EschertBE
8%
EvilardBE
8%
Feldbrunnen-St.NiklausSO
8%
FerenbalmBE
8%
Forst-LängenbühlBE
8%
FreimettigenBE
8%
FroidevilleVD
8%
GänsbrunnenSO
8%
GerzenseeBE
8%
GettnauLU
8%
GletterensFR
8%
GondiswilBE
8%
GranciaTI
8%
GrandvalBE
8%
GrimisuatVS
8%
GruyèresFR
8%
GryonVD
8%
GsteigBE
8%
GsteigwilerBE
8%
GündlischwandBE
8%
HagenbuchZH
8%
Hauenstein-IfenthalSO
8%
HeimenhausenBE
8%
HeimiswilBE
8%
HellsauBE
8%
HindelbankBE
8%
HirschthalAG
8%
HohentannenTG
8%
Horrenbach-BuchenBE
8%
IslisbergAG
8%
KernenriedBE
8%
KriechenwilBE
8%
FinhautVS
0%
FrascoTI
0%
GollionVD
0%
GravesanoTI
0%
GünsbergSO
0%
Guttet-FeschelVS
0%
HaldensteinGR
0%
HenniezVD
0%
HerbetswilSO
0%
Jouxtens-MézeryVD
0%
KienbergSO
0%
KirchenthurnenBE
0%

Verteilung der Resultate

Perzentil nach korrekt beantworteten Fragen

Anzahl Personen mit jedem Resultat

Ihre Resultats-Entwicklung

Sie haben dieses Quiz seit der letzten Aktualisierung nicht gespielt